[Event "11. Torneo San Viator"]
[Site "Madrid ESP"]
[Date "2008.11.09"]
[Round "7.2"]
[White "Barahona Torrijos, Angel"]
[Black "Maseda Iglesias, Luis"]
[Result "0-1"]
[WhiteElo "1988"]
[BlackElo "1923"]
[PlyCount "68"]
[EventDate "2008.09.28"]
[EventType "team-tourn"]
[EventRounds "9"]
[EventCountry "ESP"]
[Source "lmi"]
[SourceDate "2008.09.28"]

1. e4 e6 2. d4 d5 3. Nc3 Nf6 4. e5 Nfd7 5. Nce2 c5 6. c3 Nc6 7. f4 Qb6 8. Nf3
cxd4 9. cxd4 Bb4+ 10. Bd2 Bxd2+ 11. Qxd2 Qb4 12. Nc3 a6 13. Be2 Nb6 14. O-O Nc4
15. Bxc4 Qxc4 16. b3 Qb4 17. f5 O-O 18. f6 Rd8 19. fxg7 Ne7 20. Qg5 Bd7 21. a3
Qxc3 22. Qxe7 Bb5 23. Ng5 Rd7 24. Qf6 Bxf1 25. Rxf1 Qxd4+ 26. Kh1 Qh4 27. g4 h6
28. Nh7 Qxg4 29. Rf4 Qd1+ 30. Rf1 Qd3 31. Nf8 Rc7 32. h4 Rac8 33. Rf2 Qh3+ 34.
Kg1 Rc1+ 0-1

[Event "11. Torneo San Viator"]
[Site "Madrid ESP"]
[Date "2008.11.09"]
[Round "7.3"]
[White "Pablos Tenrero, Raquel"]
[Black "Nieto de la Cruz, Julio"]
[Result "0-1"]
[WhiteElo "1733"]
[BlackElo "2097"]
[PlyCount "112"]
[EventDate "2008.09.28"]
[EventType "team-tourn"]
[EventRounds "9"]
[EventCountry "ESP"]
[Source "lmi"]
[SourceDate "2008.09.28"]

1. e4 c5 2. c3 d5 3. exd5 Qxd5 4. d4 e5 5. dxe5 Qxd1+ 6. Kxd1 Nc6 7. f4 f6 8.
exf6 Bg4+ 9. Be2 O-O-O+ 10. Bd2 Nxf6 11. Kc1 Bd6 12. h3 Bf5 13. Bf3 Rhe8 14.
Ne2 Be4 15. Ng1 Bc7 16. Na3 Bd3 17. g3 h5 18. h4 g6 19. b3 Be4 20. Rh2 Bxf3 21.
Nxf3 Rd3 22. Ng5 Rxg3 23. Nb5 Bb8 24. Kc2 a6 25. Na3 Ng4 26. Rh3 Rg2 27. Rd3
Bxf4 28. Nc4 Ne3+ 29. Nxe3 Rxe3 30. Rxe3 Bxe3 31. Rd1 Ne5 32. Kc1 Nd3+ 33. Kc2
Nf4 34. Ne4 Rh2 35. Kc1 Nd3+ 36. Kc2 Ne5 37. Kc1 Nd3+ 38. Kc2 Ne5 39. Kc1 Bxd2+
40. Rxd2 Rxd2 41. Kxd2 Nf3+ 42. Ke2 Nxh4 43. Nxc5 g5 44. Ne4 g4 45. Nf6 Kc7 46.
Nxh5 Kd6 47. Kf2 Nf5 48. Ng3 Nxg3 49. Kxg3 Ke5 50. Kxg4 Ke4 51. c4 a5 52. Kg5
Kd4 53. Kf4 Kc3 54. Ke5 Kb2 55. Kd6 Kxa2 56. Kc7 Kxb3 0-1

[Event "11. Torneo San Viator"]
[Site "Madrid ESP"]
[Date "2008.11.09"]
[Round "7.4"]
[White "Benitez Cadenas, Luis Miguel"]
[Black "Montero Montero, Juan Jose"]
[Result "1/2-1/2"]
[WhiteElo "1775"]
[BlackElo "1795"]
[PlyCount "95"]
[EventDate "2008.09.28"]
[EventType "team-tourn"]
[EventRounds "9"]
[EventCountry "ESP"]
[Source "lmi"]
[SourceDate "2008.09.28"]

1. d4 Nf6 2. c4 e6 3. Nc3 Bb4 4. e3 Bxc3+ 5. bxc3 b6 6. Bd3 Bb7 7. Nf3 O-O 8.
O-O d6 9. Qe2 Be4 10. Re1 Nbd7 11. Nd2 Bxd3 12. Qxd3 d5 13. e4 dxe4 14. Nxe4
Nxe4 15. Qxe4 c5 16. Qf3 cxd4 17. cxd4 Qf6 18. Qg4 Rac8 19. Ba3 Rfe8 20. Rac1
Qg6 21. Qf3 Nf6 22. Qb7 Qd3 23. Be7 Qxd4 24. Rcd1 Qxc4 25. Bxf6 gxf6 26. Qxa7
Qc7 27. Qa3 Qc3 28. Qd6 Qc5 29. Qf4 Qg5 30. Qd4 b5 31. Re3 Kf8 32. Rg3 Qf5 33.
Qh4 Rc2 34. Qh6+ Ke7 35. Rf3 Qg6 36. Qh4 Qg5 37. Qxh7 Rc1 38. Rfd3 Rxd1+ 39.
Rxd1 Rd8 40. Qc2 Rxd1+ 41. Qxd1 b4 42. Qc2 Qe5 43. g3 Qc3 44. Qa4 Qe1+ 45. Kg2
Qe4+ 46. Kg1 Qe1+ 47. Kg2 Qe4+ 48. Kg1 1/2-1/2

[Event "11. Torneo San Viator"]
[Site "Madrid ESP"]
[Date "2008.11.16"]
[Round "8.2"]
[White "Maseda Iglesias, Luis"]
[Black "Nieto de la Cruz, Julio"]
[Result "0-1"]
[WhiteElo "1935"]
[BlackElo "1888"]
[PlyCount "70"]
[EventDate "2008.09.28"]
[EventType "team-tourn"]
[EventRounds "9"]
[EventCountry "ESP"]
[Source "lmi"]
[SourceDate "2008.09.28"]

1. d4 Nf6 2. c4 c5 3. d5 b5 4. Nf3 bxc4 5. Nc3 d6 6. e4 Bg4 7. Bxc4 Nbd7 8. O-O
g6 9. h3 Bxf3 10. Qxf3 Bg7 11. Bf4 O-O 12. Qe3 Nb6 13. Bb5 Nfd7 14. Bh6 Bd4 15.
Qd2 Re8 16. Ne2 Bh8 17. a4 a6 18. Bc6 Rb8 19. Rac1 Nc8 20. Rc2 Na7 21. Bxd7
Qxd7 22. Nc3 Rb4 23. Re1 Nc8 24. Qe2 Qb7 25. a5 Na7 26. Ra1 Rb8 27. Bc1 Nb5 28.
Nxb5 Qxb5 29. Qxb5 R8xb5 30. f3 Bxb2 31. Bxb2 Rxb2 32. Rcc1 Rd2 33. Kh2 Rbb2
34. Rg1 Ra2 35. h4 Rxg2+ 0-1

[Event "11. Torneo San Viator"]
[Site "Madrid ESP"]
[Date "2008.11.16"]
[Round "8.3"]
[White "Montero Montero, Juan Jose"]
[Black "Barahona Torrijos, Angel"]
[Result "0-1"]
[WhiteElo "1705"]
[BlackElo "1958"]
[PlyCount "40"]
[EventDate "2008.09.28"]
[EventType "team-tourn"]
[EventRounds "9"]
[EventCountry "ESP"]
[Source "lmi"]
[SourceDate "2008.09.28"]

1. e4 e5 2. Nf3 Nc6 3. d4 exd4 4. Nxd4 Bc5 5. Be3 Qf6 6. c3 Nge7 7. Bc4 b5 8.
Bb3 Ba6 9. Nf5 Nxf5 10. Bxc5 Nh4 11. Qg4 Ne5 12. Qg3 Nxg2+ 13. Qxg2 Nd3+ 14.
Kd1 Nxc5 15. e5 Qf4 16. Qxa8+ Ke7 17. Qg2 Nd3 18. f3 Qc1+ 19. Ke2 Nf4+ 20. Kf2
Qxb2+ 0-1

[Event "11. Torneo San Viator"]
[Site "Madrid ESP"]
[Date "2008.11.16"]
[Round "8.4"]
[White "Garcia-Ines Sanchez, Gustavo"]
[Black "Beltran De Heredia y Alonso, Miguel Angel"]
[Result "0-1"]
[WhiteElo "1845"]
[BlackElo "1906"]
[PlyCount "66"]
[EventDate "2008.09.28"]
[EventType "team-tourn"]
[EventRounds "9"]
[EventCountry "ESP"]
[Source "lmi"]
[SourceDate "2008.09.28"]

1. e4 c5 2. Nf3 a6 3. d4 cxd4 4. Nxd4 Nf6 5. Nc3 e5 6. Nf3 Qc7 7. Bg5 Bb4 8.
Qd3 Bxc3+ 9. Qxc3 Qxc3+ 10. bxc3 Nxe4 11. Bc4 Nxc3 12. Nxe5 f6 13. Bd2 Ne4 14.
Nf3 Nc6 15. O-O-O Nxd2 16. Rxd2 Kd8 17. Rhd1 Re8 18. g3 Kc7 19. Nh4 g6 20. f4
b5 21. Bf1 Re7 22. Bh3 f5 23. Nf3 Bb7 24. Bg2 Rd8 25. Ne5 Nxe5 26. Bxb7 Nc4 27.
Bxa6 Nxd2 28. Rxd2 Re1+ 29. Kb2 Kb6 30. Rd6+ Kc5 31. Rd2 d5 32. Bb7 Re7 33. Ba6
Kb6 0-1